00428nam a2200145Ia 4500008004100000041000900041082001500050100002500065245001900090260004800109300000800157650000800165999001700173952009200190230718s9999 xx 000 0 und d aEng. a340bSAE-P aSaeed, Malik. M (ed) 0aP. L. D (2001) aPakistanbAll Palastan legal decisionc2001 a547 aLaw c27116d27116 00104070aSIRC-LbSIRC-Ld2023-07-18l0o340 SAE-Pp22068r2023-07-18w2023-07-18yBK